{"text_format":"3","workbook":"xlsx","n_sheets":1,"sheets":["t576"],"read":"whole","date_system":"1900"}

{"sheet":"t576","index":0,"n_rows":172,"n_cols":7,"rows_kept":172,"merged":[[0,0,0,6],[30,0,30,5],[46,0,46,5],[150,0,150,5]]}
["TABELA 576.1 - Estatísticas Agrícolas, Município de Sud Mennucci, Estado de São Paulo, 2007/08."]
["ITEM","UNIDADE","N.DE UPAs","MÍNIMO","MÉDIO","MÁXIMO","TOTAL"]
["Distância à sede do município","km",322,0.1,{"v":8.75,"d":"8.8"},{"v":35,"d":"35.0"},"-"]
["Área total","hectare",322,1.2,{"v":145.79,"d":"145.8"},{"v":3185.8,"d":"3,185.8"},{"v":46943.85,"d":"46,943.9"}]
["Área com cultura perene","hectare",21,0.1,{"v":44.94,"d":"44.9"},427.1,943.8]
["Área com cultura temporária","hectare",177,0.3,{"v":85.95,"d":"86.0"},{"v":2411.8,"d":"2,411.8"},{"v":15213.9,"d":"15,213.9"}]
["Área com pastagem","hectare",274,0.3,{"v":99.94,"d":"99.9"},{"v":3138.2,"d":"3,138.2"},{"v":27384.52,"d":"27,384.5"}]
["Área com reflorestamento","hectare",8,0.6,{"v":31.16,"d":"31.2"},116.1,249.3]
["Área com vegetação natural","hectare",90,0.1,{"v":12.01,"d":"12.0"},{"v":242,"d":"242.0"},{"v":1080.9,"d":"1,080.9"}]
["Área com vegetação de brejo e várzea","hectare",172,0.1,{"v":8.76,"d":"8.8"},475.8,{"v":1507.2,"d":"1,507.2"}]
["Área em descanso","hectare",10,0.2,{"v":16.83,"d":"16.8"},{"v":50,"d":"50.0"},168.3]
["Área complementar","hectare",244,0.1,{"v":1.62,"d":"1.6"},68.2,{"v":395.93,"d":"395.9"}]
["Área das UPAs com (0, 1] ha","hectare","-","-","-","-","-"]
["Área das UPAs com (1, 2] ha","hectare",10,1.2,{"v":1.26,"d":"1.3"},{"v":1.52,"d":"1.5"},{"v":12.62,"d":"12.6"}]
["Área das UPAs com (2, 5] ha","hectare",55,2.3,{"v":3.27,"d":"3.3"},4.8,{"v":179.93,"d":"179.9"}]
["Área das UPAs com (5, 10] ha","hectare",31,5.7,7.8,9.9,241.8]
["Área das UPAs com (10, 20] ha","hectare",41,10.2,{"v":13.94,"d":"13.9"},{"v":20,"d":"20.0"},571.7]
["Área das UPAs com (20, 50] ha","hectare",79,20.5,{"v":33.22,"d":"33.2"},48.4,{"v":2624.1,"d":"2,624.1"}]
["Área das UPAs com (50, 100] ha","hectare",30,50.8,{"v":74.42,"d":"74.4"},96.8,{"v":2232.6,"d":"2,232.6"}]
["Área das UPAs com (100, 200] ha","hectare",32,101.7,{"v":147.21,"d":"147.2"},193.6,{"v":4710.7,"d":"4,710.7"}]
["Área das UPAs com (200, 500] ha","hectare",21,207.6,{"v":336.47,"d":"336.5"},491.4,{"v":7065.8,"d":"7,065.8"}]
["Área das UPAs com (500, 1.000] ha","hectare",14,508.2,{"v":698.31,"d":"698.3"},955.8,{"v":9776.3,"d":"9,776.3"}]
["Área das UPAs com (1.000, 2.000] ha","hectare",4,{"v":1052.7,"d":"1,052.7"},{"v":1427,"d":"1,427.0"},{"v":1934.4,"d":"1,934.4"},{"v":5708,"d":"5,708.0"}]
["Área das UPAs com (2.000, 5.000] ha","hectare",5,{"v":2325.5,"d":"2,325.5"},{"v":2764.06,"d":"2,764.1"},{"v":3185.8,"d":"3,185.8"},{"v":13820.3,"d":"13,820.3"}]
["Área das UPAs com (5.000, 10.000] ha","hectare","-","-","-","-","-"]
["Área das UPAs acima de 10.000 ha","hectare","-","-","-","-","-"]
["Familiares do proprietário que trabalham na UPA","unidade",170,{"v":1,"d":"1.0"},{"v":1.41,"d":"1.4"},{"v":5,"d":"5.0"},{"v":240,"d":"240.0"}]
["Trabalhadores permanentes","unidade",79,{"v":1,"d":"1.0"},{"v":5,"d":"5.0"},{"v":76,"d":"76.0"},{"v":395,"d":"395.0"}]
["Fonte: Secretaria de Agricultura e Abastecimento, CDRS/IEA, Projeto LUPA."]
[]
["TABELA 576.2 - Explorações Animais, Município de Sud Mennucci, Estado de São Paulo, 2007/08."]
["ITEM","UNIDADE","N.DE UPAs","MÍNIMO","MÉDIO","MÁXIMO","TOTAL"]
["Asininos E Muares","cabeças",23,{"v":1,"d":"1.0"},{"v":7.39,"d":"7.4"},{"v":25,"d":"25.0"},{"v":170,"d":"170.0"}]
["Avicultura de Corte","cabeças/ano",3,{"v":20,"d":"20.0"},{"v":43.33,"d":"43.3"},{"v":80,"d":"80.0"},{"v":130,"d":"130.0"}]
["Avicultura para Ovos","cabeças",2,{"v":3,"d":"3.0"},251.5,{"v":500,"d":"500.0"},{"v":503,"d":"503.0"}]
["Bovinocultura de Corte","cabeças",50,{"v":3,"d":"3.0"},{"v":447.32,"d":"447.3"},{"v":3737,"d":"3,737.0"},{"v":22366,"d":"22,366.0"}]
["Bovinocultura Leiteira","cabeças",12,{"v":2,"d":"2.0"},{"v":31.08,"d":"31.1"},{"v":130,"d":"130.0"},{"v":373,"d":"373.0"}]
["Bovinocultura Mista","cabeças",176,{"v":2,"d":"2.0"},{"v":106.71,"d":"106.7"},{"v":1632,"d":"1,632.0"},{"v":18781,"d":"18,781.0"}]
["Caprinocultura","cabeças",1,{"v":20,"d":"20.0"},{"v":20,"d":"20.0"},{"v":20,"d":"20.0"},{"v":20,"d":"20.0"}]
["Equinocultura","cabeças",151,{"v":1,"d":"1.0"},{"v":6.42,"d":"6.4"},{"v":98,"d":"98.0"},{"v":970,"d":"970.0"}]
["Helicicultura","viveiros",3,{"v":1,"d":"1.0"},{"v":1.33,"d":"1.3"},{"v":2,"d":"2.0"},{"v":4,"d":"4.0"}]
["Outra Exploração Animal","cabeças",1,{"v":65,"d":"65.0"},{"v":65,"d":"65.0"},{"v":65,"d":"65.0"},{"v":65,"d":"65.0"}]
["Ovinocultura","cabeças",31,{"v":3,"d":"3.0"},{"v":32.29,"d":"32.3"},{"v":150,"d":"150.0"},{"v":1001,"d":"1,001.0"}]
["Suinocultura","cabeças",5,{"v":2,"d":"2.0"},31.8,{"v":80,"d":"80.0"},{"v":159,"d":"159.0"}]
["Fonte: Secretaria de Agricultura e Abastecimento, CDRS/IEA, Projeto LUPA."]
[]
["TABELA 576.3 -  Máquinas, Implementos e Benfeitorias, Município de Sud Mennucci, Estado de São Paulo, 2007/08."]
["ITEM","UNIDADE","N.DE UPAs","MÍNIMO","MÉDIO","MÁXIMO","TOTAL"]
["Arado Comum (Bacia, Aiveca)","Unidade",55,{"v":1,"d":"1.0"},{"v":1.38,"d":"1.4"},{"v":5,"d":"5.0"},{"v":76,"d":"76.0"}]
["Arado Escarificador","Unidade",9,{"v":1,"d":"1.0"},{"v":1.44,"d":"1.4"},{"v":2,"d":"2.0"},{"v":13,"d":"13.0"}]
["Arado Subsolador","Unidade",12,{"v":1,"d":"1.0"},{"v":1.17,"d":"1.2"},{"v":2,"d":"2.0"},{"v":14,"d":"14.0"}]
["Batedeira de Cereais","Unidade",8,{"v":1,"d":"1.0"},{"v":1,"d":"1.0"},{"v":1,"d":"1.0"},{"v":8,"d":"8.0"}]
["Câmara Fria","Unidade",2,{"v":1,"d":"1.0"},{"v":1,"d":"1.0"},{"v":1,"d":"1.0"},{"v":2,"d":"2.0"}]
["Carregadeira de Cana","Unidade",7,{"v":1,"d":"1.0"},{"v":1.86,"d":"1.9"},{"v":3,"d":"3.0"},{"v":13,"d":"13.0"}]
["Colhedeira Automotriz","Unidade",2,{"v":1,"d":"1.0"},1.5,{"v":2,"d":"2.0"},{"v":3,"d":"3.0"}]
["Computador","Unidade",7,{"v":1,"d":"1.0"},{"v":4.29,"d":"4.3"},{"v":20,"d":"20.0"},{"v":30,"d":"30.0"}]
["Conj.Irrigação Pivot Central","Unidade",2,{"v":1,"d":"1.0"},10.5,{"v":20,"d":"20.0"},{"v":21,"d":"21.0"}]
["Conj.Irrigação/Gotejamento/Microaspersão","Unidade",1,{"v":1,"d":"1.0"},{"v":1,"d":"1.0"},{"v":1,"d":"1.0"},{"v":1,"d":"1.0"}]
["Conjunto de Fenação","Unidade",2,{"v":1,"d":"1.0"},{"v":1,"d":"1.0"},{"v":1,"d":"1.0"},{"v":2,"d":"2.0"}]
["Desintegrador de Palha (Plantio Direto)","Unidade",1,{"v":1,"d":"1.0"},{"v":1,"d":"1.0"},{"v":1,"d":"1.0"},{"v":1,"d":"1.0"}]
["Desintegrador, Picador, Triturador","Unidade",101,{"v":1,"d":"1.0"},1.1,{"v":3,"d":"3.0"},{"v":111,"d":"111.0"}]
["Distribuidor de Calcário","Unidade",25,{"v":1,"d":"1.0"},1.2,{"v":2,"d":"2.0"},{"v":30,"d":"30.0"}]
["Ensiladeira","Unidade",29,{"v":1,"d":"1.0"},{"v":1.28,"d":"1.3"},{"v":4,"d":"4.0"},{"v":37,"d":"37.0"}]
["Grade Aradora (Tipo Romi)","Unidade",35,{"v":1,"d":"1.0"},{"v":1.29,"d":"1.3"},{"v":4,"d":"4.0"},{"v":45,"d":"45.0"}]
["Grade Niveladora","Unidade",45,{"v":1,"d":"1.0"},{"v":1.24,"d":"1.2"},{"v":5,"d":"5.0"},{"v":56,"d":"56.0"}]
["Implementos para Tração Animal","Unidade",24,{"v":1,"d":"1.0"},{"v":1.21,"d":"1.2"},{"v":3,"d":"3.0"},{"v":29,"d":"29.0"}]
["Máquina de Classificar Frutas","Unidade",1,{"v":1,"d":"1.0"},{"v":1,"d":"1.0"},{"v":1,"d":"1.0"},{"v":1,"d":"1.0"}]
["Microtrator","Unidade",3,{"v":1,"d":"1.0"},{"v":1,"d":"1.0"},{"v":1,"d":"1.0"},{"v":3,"d":"3.0"}]
["Misturador de Ração","Unidade",6,{"v":1,"d":"1.0"},{"v":1,"d":"1.0"},{"v":1,"d":"1.0"},{"v":6,"d":"6.0"}]
["Ordenhadeira Mecânica","Unidade",6,{"v":1,"d":"1.0"},{"v":1,"d":"1.0"},{"v":1,"d":"1.0"},{"v":6,"d":"6.0"}]
["Pulverizador Tratorizado","Unidade",28,{"v":1,"d":"1.0"},{"v":1.75,"d":"1.8"},{"v":12,"d":"12.0"},{"v":49,"d":"49.0"}]
["Resfriador de Leite, Tanque Expansão","Unidade",8,{"v":1,"d":"1.0"},{"v":1,"d":"1.0"},{"v":1,"d":"1.0"},{"v":8,"d":"8.0"}]
["Semeadeira/Adubadeira para Plantio Convencional","Unidade",21,{"v":1,"d":"1.0"},{"v":1.24,"d":"1.2"},{"v":2,"d":"2.0"},{"v":26,"d":"26.0"}]
["Semeadeira/Plantadeira Plantio Direto","Unidade",7,{"v":1,"d":"1.0"},{"v":1.86,"d":"1.9"},{"v":4,"d":"4.0"},{"v":13,"d":"13.0"}]
["Terraceador","Unidade",9,{"v":1,"d":"1.0"},{"v":1.11,"d":"1.1"},{"v":2,"d":"2.0"},{"v":10,"d":"10.0"}]
["Trator de Esteiras","Unidade",4,{"v":1,"d":"1.0"},{"v":1,"d":"1.0"},{"v":1,"d":"1.0"},{"v":4,"d":"4.0"}]
["Trator de Pneus","Unidade",85,{"v":1,"d":"1.0"},{"v":1.89,"d":"1.9"},{"v":14,"d":"14.0"},{"v":161,"d":"161.0"}]
["Açude/Represa","Unidade",84,{"v":1,"d":"1.0"},{"v":2.14,"d":"2.1"},{"v":21,"d":"21.0"},{"v":180,"d":"180.0"}]
["Almoxarifado/Oficina","Unidade",10,{"v":1,"d":"1.0"},1.1,{"v":2,"d":"2.0"},{"v":11,"d":"11.0"}]
["Armazém para Grãos Ensacados","Sacas",5,{"v":3,"d":"3.0"},{"v":1767.2,"d":"1,767.2"},{"v":5833,"d":"5,833.0"},{"v":8836,"d":"8,836.0"}]
["Balança para Bovinos","Unidade",16,{"v":1,"d":"1.0"},{"v":1.06,"d":"1.1"},{"v":2,"d":"2.0"},{"v":17,"d":"17.0"}]
["Balança para Veículos","Unidade",3,{"v":1,"d":"1.0"},{"v":1,"d":"1.0"},{"v":1,"d":"1.0"},{"v":3,"d":"3.0"}]
["Barracão/Galpão/Garagem","Unidade",62,{"v":1,"d":"1.0"},{"v":1.08,"d":"1.1"},{"v":3,"d":"3.0"},{"v":67,"d":"67.0"}]
["Casa de Moradia Habitada","Unidade",177,{"v":1,"d":"1.0"},{"v":1.83,"d":"1.8"},{"v":14,"d":"14.0"},{"v":324,"d":"324.0"}]
["Casa de Moradia Total","Unidade",177,{"v":1,"d":"1.0"},2.1,{"v":16,"d":"16.0"},{"v":372,"d":"372.0"}]
["Curral/Mangueira","Unidade",156,{"v":1,"d":"1.0"},{"v":1.15,"d":"1.2"},{"v":9,"d":"9.0"},{"v":180,"d":"180.0"}]
["Depósito/Tulha","Unidade",134,{"v":1,"d":"1.0"},{"v":1.11,"d":"1.1"},{"v":3,"d":"3.0"},{"v":149,"d":"149.0"}]
["Engenho","Unidade",2,{"v":1,"d":"1.0"},{"v":1,"d":"1.0"},{"v":1,"d":"1.0"},{"v":2,"d":"2.0"}]
["Estábulo","Unidade",2,{"v":1,"d":"1.0"},{"v":1,"d":"1.0"},{"v":1,"d":"1.0"},{"v":2,"d":"2.0"}]
["Fábrica de Ração","Unidade",2,{"v":1,"d":"1.0"},{"v":1,"d":"1.0"},{"v":1,"d":"1.0"},{"v":2,"d":"2.0"}]
["Instalações para Equinos","Unidade",3,{"v":1,"d":"1.0"},{"v":1,"d":"1.0"},{"v":1,"d":"1.0"},{"v":3,"d":"3.0"}]
["Pocilga","Unidade",4,{"v":1,"d":"1.0"},{"v":1,"d":"1.0"},{"v":1,"d":"1.0"},{"v":4,"d":"4.0"}]
["Poço Semi-Artesiano","Unidade",110,{"v":1,"d":"1.0"},1.1,{"v":4,"d":"4.0"},{"v":121,"d":"121.0"}]
["Posto Meteorológico","Unidade",2,{"v":1,"d":"1.0"},{"v":1,"d":"1.0"},{"v":1,"d":"1.0"},{"v":2,"d":"2.0"}]
["Secador de Grãos","Unidade",2,{"v":1,"d":"1.0"},{"v":1,"d":"1.0"},{"v":1,"d":"1.0"},{"v":2,"d":"2.0"}]
["Silo para Grãos","t",2,{"v":81,"d":"81.0"},85.5,{"v":90,"d":"90.0"},{"v":171,"d":"171.0"}]
["Silo para Silagem","t",7,{"v":1,"d":"1.0"},{"v":98.43,"d":"98.4"},{"v":600,"d":"600.0"},{"v":689,"d":"689.0"}]
["Terreiro","m²",10,{"v":1,"d":"1.0"},221.1,{"v":1600,"d":"1,600.0"},{"v":2211,"d":"2,211.0"}]
["Usina de Açúcar/destilaria","Unidade",1,{"v":1,"d":"1.0"},{"v":1,"d":"1.0"},{"v":1,"d":"1.0"},{"v":1,"d":"1.0"}]
["Fonte: Secretaria de Agricultura e Abastecimento, CDRS/IEA, Projeto LUPA."]
[]
["TABELA 576.4 - Outras Estatísticas Agrícolas, Município de Sud Mennucci, Estado de São Paulo, 2007/08."]
["ITEM","Número de UPAs",null,"Percentual"]
["Faz Parte de Associação de Produtores",51,null,{"v":15.74074074074074,"d":"15.7"}]
["Faz Parte de Cooperativa de Produtores",62,null,{"v":19.1358024691358,"d":"19.1"}]
["Faz Parte do Sindicato de Produtores",30,null,{"v":9.25925925925926,"d":"9.3"}]
["Não utiliza assistência técnica ",179,null,{"v":55.24691358024691,"d":"55.2"}]
["Utiliza somente assistência técnica governamental ",105,null,{"v":32.407407407407405,"d":"32.4"}]
["Utiliza somente assistência técnica privada ",21,null,{"v":6.481481481481482,"d":"6.5"}]
["Utiliza assistência técnica tanto governamental quanto privada",17,null,{"v":5.246913580246914,"d":"5.2"}]
["Utiliza Crédito Rural",43,null,{"v":13.271604938271606,"d":"13.3"}]
["Utiliza Seguro Rural",3,null,{"v":0.9259259259259259,"d":"0.9"}]
["Utiliza Escrituração Agrícola",36,null,{"v":11.111111111111112,"d":"11.1"}]
["Acessa Internet p/ Fins na Agropecuária",42,null,{"v":12.962962962962962,"d":"13.0"}]
["Utiliza Computador nas Atividades Agropecuárias",29,null,{"v":8.950617283950617,"d":"9.0"}]
["Utiliza Energia Elétrica Para Uso na Atividade Agrícola",251,null,{"v":77.46913580246914,"d":"77.5"}]
["Realiza Análise de Solo, quando necessário",60,null,{"v":18.51851851851852,"d":"18.5"}]
["Utiliza Práticas de Conservação de Solo, quando necessário",173,null,{"v":53.39506172839506,"d":"53.4"}]
["Faz Adubação Mineral, quando necessário",100,null,{"v":30.864197530864196,"d":"30.9"}]
["Faz Adubação Orgânica, quando necessário",24,null,{"v":7.407407407407407,"d":"7.4"}]
["Faz Adubação Verde, quando necessário",12,null,{"v":3.7037037037037037,"d":"3.7"}]
["Utiliza Manejo Integrado de Pragas (MIP)",2,null,{"v":0.6172839506172839,"d":"0.6"}]
["Utiliza Hidroponia","-",null,"-"]
["Utiliza Plasticultura",1,null,{"v":0.30864197530864196,"d":"0.3"}]
["Utiliza Mudas Fiscalizadas",27,null,{"v":8.333333333333334,"d":"8.3"}]
["Utiliza Semente Melhorada",43,null,{"v":13.271604938271606,"d":"13.3"}]
["Faz Confinamento de Bovinos",4,null,{"v":1.2345679012345678,"d":"1.2"}]
["Utiliza Pastejo Intensivo",17,null,{"v":5.246913580246914,"d":"5.2"}]
["Faz Inseminação Artificial",7,null,{"v":2.1604938271604937,"d":"2.2"}]
["Faz Mineralização do Rebanho",200,null,{"v":61.72839506172839,"d":"61.7"}]
["Faz Vermifugação do Rebanho",207,null,{"v":63.88888888888889,"d":"63.9"}]
["Possui Parceiros /Arrendatários na Exploração Animal",54,null,{"v":16.666666666666668,"d":"16.7"}]
["Esporte e lazer",4,null,{"v":1.2345679012345678,"d":"1.2"}]
["Extração mineral","-",null,"-"]
["Hotel Fazenda, Pousada ou SPA",1,null,{"v":0.30864197530864196,"d":"0.3"}]
["Pesque-pague","-",null,"-"]
["Restaurante ou Lanchonete","-",null,"-"]
["Transformação artesanal","-",null,"-"]
["Turismo rural ou ecoturismo","-",null,"-"]
["Outras atividades econômicas rurais","-",null,"-"]
["Agroindústria","-",null,"-"]
["Proprietário sem instrução ou com instrução incompleta",43,null,{"v":13.271604938271606,"d":"13.3"}]
["Proprietário com antigo primário completo",85,null,{"v":26.234567901234566,"d":"26.2"}]
["Proprietário com 1° grau (ou antigo ginasial) completo",48,null,{"v":14.814814814814815,"d":"14.8"}]
["Proprietário com 2° grau (ou antigo colegial) completo",70,null,{"v":21.604938271604937,"d":"21.6"}]
["Proprietário com curso superior completo ",72,null,{"v":22.222222222222225,"d":"22.2"}]
["Pessoa Jurídica",4,null,{"v":1.2345679012345678,"d":"1.2"}]
["Proprietário residente na própria UPA ",89,null,{"v":27.469135802469136,"d":"27.5"}]
["Fonte: Secretaria de Agricultura e Abastecimento, CDRS/IEA, Projeto LUPA."]
[]
["TABELA 576.5 - Área Cultivada, Município de Sud Mennucci, Estado de São Paulo, 2007/08."]
["CULTURA","N.DE UPAs","MÍNIMO","MÉDIO","MÁXIMO","TOTAL"]
["Braquiaria",274,0.3,{"v":99.86,"d":"99.9"},{"v":3138.2,"d":"3,138.2"},{"v":27360.32,"d":"27,360.3"}]
["Cana-de-acucar",161,0.3,{"v":92.11,"d":"92.1"},{"v":2491.3,"d":"2,491.3"},{"v":14829.1,"d":"14,829.1"}]
["Laranja",8,2.4,{"v":79.28,"d":"79.3"},339.2,634.2]
["Milho",23,0.6,{"v":24.06,"d":"24.1"},143.8,553.3]
["Eucalipto",7,0.6,28.7,116.1,200.9]
["Limao",2,0.9,86.6,172.3,173.2]
["Seringueira",5,8.7,{"v":25.56,"d":"25.6"},55.6,127.8]
["Outras florestais",1,48.4,48.4,48.4,48.4]
["Sorgo",2,{"v":12,"d":"12.0"},14.6,17.2,29.2]
["Coloniao",1,24.2,24.2,24.2,24.2]
["Milho-silagem",4,0.6,{"v":4.35,"d":"4.4"},7.2,17.4]
["Feijao-de-corda",1,9.1,9.1,9.1,9.1]
["Horta domestica",3,0.5,{"v":1.67,"d":"1.7"},3.8,{"v":5,"d":"5.0"}]
["Cafe",5,0.1,{"v":1,"d":"1.0"},2.4,{"v":5,"d":"5.0"}]
["Feijao-vagem (ou vagem, ou feijao-verde)",1,4.8,4.8,4.8,4.8]
["Mandioca",3,0.6,{"v":0.87,"d":"0.9"},1.2,2.6]
["Manga",1,1.8,1.8,1.8,1.8]
["Uva rustica",1,1.2,1.2,1.2,1.2]
["Urucum (ou urucu)",1,0.6,0.6,0.6,0.6]
["Fonte: Secretaria de Agricultura e Abastecimento, CDRS/IEA, Projeto LUPA."]